01005ngm a2200241 a 450000500170000000800410001708200190005824500720007725000190014930000620016849000390023050001220026965000680039165000670045970000370052694200200056326400420058333600270062533700330065233800280068504000350071399900150074820220317001302.0160825s1983 ck g 000 0 spa 04a791.436bM14cr10aCristóbal Colóncdirección Fernando Laverdehvideograbación a1a. edición  a1 videocasete en VHS (63 minutos)bsonido, color c20 cm  aLa maletappelículas colombianas aLa película pertenece a la colección La Maleta. Dirigida para un público adulto. Película en dibujos animados142LEMBaPelículas cinematográficas colombianasvVideocasetes 142LEMBaAméricavVideocasetes xDescubrimiento y exploraciones1 aLaverde, Fernandod1933- 968723 2ddccVIDEOCASET aBogotábMinisterio de Culturac1983 atextobtxt2rdacontent asin mediaciónbn2rdamedia avolumenbnc2rdacarrier aCO-BoRNBPbspaerdacCO-BoRNBP c6490d6490